| 000 | 00329pam a2200121a 44500 | ||
|---|---|---|---|
| 008 | 230405s2002 xxu||||| |||| 00| 0 eng d | ||
| 041 | _aENG | ||
| 100 | _aTaliv 1% H. Ed | ||
| 245 | _aA Hand book of medical laboratory Technology | ||
| 260 |
_anew delhi _bC.B.S Publishers & Distributers _c2002 |
||
| 300 | _a4293 | ||
| 906 | _a9731 | ||
| 999 |
_c300230 _d300230 |
||